[Event "GBR-ch 95th"]
[Site "Liverpool"]
[Date "2008.07.31"]
[Round "4.26"]
[White "Storey, Charles"]
[Black "Shaw, Peter"]
[Result "1-0"]
[WhiteElo "2268"]
[BlackElo "2127"]
[PlyCount "57"]
[EventDate "2008.07.28"]
[EventType "swiss"]
[EventRounds "11"]
[EventCountry "GBR"]

1. e4 e6 2. d4 d5 3. Nd2 Nf6 4. e5 Nfd7 5. f4 c5 6. c3 Nc6 7. Ndf3 Be7 8. Bd3
a5 9. Nh3 b6 10. Nfg5 Nf8 11. Qh5 Bxg5 12. Nxg5 Qe7 13. dxc5 bxc5 14. Be3 Nd8
15. c4 h6 16. Rc1 g6 17. Qh3 f6 18. Nf3 d4 19. exf6 Qxf6 20. Bd2 e5 21. Qg3
exf4 22. Bxf4 Nc6 23. O-O Bf5 24. Rce1+ Ne6 25. Bxf5 gxf5 26. Rxe6+ Qxe6 27.
Re1 Qxe1+ 28. Qxe1+ Kd7 29. Ne5+ 1-0

[Event "GBR-ch 95th"]
[Site "Liverpool"]
[Date "2008.07.31"]
[Round "4.27"]
[White "Yeo, Michael J"]
[Black "Ledger, David"]
[Result "0-1"]
[WhiteElo "2110"]
[BlackElo "2260"]
[PlyCount "42"]
[EventDate "2008.07.28"]
[EventType "swiss"]
[EventRounds "11"]
[EventCountry "GBR"]

1. e4 e5 2. Nf3 Nc6 3. Bc4 Bc5 4. b4 Bxb4 5. c3 Ba5 6. d4 exd4 7. O-O Nge7 8.
cxd4 d5 9. exd5 Nxd5 10. Ba3 Be6 11. Bb5 Bb4 12. Ne5 Bxa3 13. Nxc6 bxc6 14.
Bxc6+ Ke7 15. Nxa3 Rb8 16. Nc4 Nc3 17. Qh5 Qxd4 18. Rad1 Nxd1 19. Rxd1 g6 20.
Qg5+ f6 21. Qc1 Qxc4 0-1

[Event "GBR-ch 95th"]
[Site "Liverpool"]
[Date "2008.07.31"]
[Round "4.28"]
[White "Zhou, Yang-Fan"]
[Black "Coates, David H"]
[Result "1-0"]
[WhiteElo "2258"]
[BlackElo "2037"]
[PlyCount "59"]
[EventDate "2008.07.28"]
[EventType "swiss"]
[EventRounds "11"]
[EventCountry "GBR"]

1. e4 c5 2. Nf3 d6 3. Bc4 Nf6 4. d3 Nc6 5. c3 Bg4 6. Qb3 e6 7. Qxb7 Rc8 8. Bb5
Qd7 9. Qxd7+ Nxd7 10. Nbd2 Be7 11. h3 Bxf3 12. Nxf3 O-O 13. O-O Nb6 14. Be3 d5
15. a4 Na5 16. Nd2 Rfd8 17. Rfb1 d4 18. Bf4 g5 19. Bg3 Bf6 20. b4 dxc3 21. bxa5
cxd2 22. e5 Nd5 23. exf6 Nc3 24. Rd1 Nxd1 25. Rxd1 Rd5 26. Bc4 Rf5 27. Rxd2
Rxf6 28. Rb2 h5 29. a6 h4 30. Bb8 1-0

[Event "GBR-ch 95th"]
[Site "Liverpool"]
[Date "2008.07.31"]
[Round "4.29"]
[White "Kett, Timothy"]
[Black "Garnett, John S"]
[Result "1/2-1/2"]
[WhiteElo "2247"]
[BlackElo "2030"]
[PlyCount "113"]
[EventDate "2008.07.28"]
[EventType "swiss"]
[EventRounds "11"]
[EventCountry "GBR"]

1. e4 c5 2. Nf3 Nc6 3. d4 cxd4 4. Nxd4 g6 5. Nc3 Bg7 6. Be3 Nf6 7. Be2 O-O 8.
Nb3 d6 9. O-O a6 10. f4 b5 11. Bf3 Bb7 12. Qe1 Qc8 13. Nd5 Nxd5 14. exd5 Nb8
15. c3 Nd7 16. Rd1 Qc7 17. Bd4 Nf6 18. g4 Rfe8 19. g5 Nd7 20. Qf2 Bxd4 21. Rxd4
Qb6 22. h4 e5 23. dxe6 Rxe6 24. Bxb7 Qxb7 25. Qf3 Qxf3 26. Rxf3 Rae8 27. Kg2
Nb6 28. Nd2 d5 29. f5 gxf5 30. Rxf5 Nc4 31. Nxc4 dxc4 32. Rd7 Re2+ 33. Rf2
Rxf2+ 34. Kxf2 Kg7 35. Kf3 Re6 36. h5 Re5 37. Kg4 Re2 38. Rd6 Rxb2 39. Rxa6 b4
40. cxb4 Rxb4 41. h6+ Kf8 42. Rc6 Ke7 43. Kf5 Rb5+ 44. Kf4 Rb4 45. Rc5 Ra4 46.
Ke5 Rxa2 47. Rc7+ Kf8 48. Rxc4 Re2+ 49. Kf5 Rf2+ 50. Kg4 f6 51. Rc8+ Kf7 52.
Rc7+ Kf8 53. g6 Rg2+ 54. Kf5 Rxg6 55. Rxh7 Rg1 56. Ra7 Kg8 57. Kxf6 1/2-1/2

[Event "GBR-ch 95th"]
[Site "Liverpool"]
[Date "2008.07.31"]
[Round "4.31"]
[White "Sen, Subin"]
[Black "Jackson, Oliver"]
[Result "1/2-1/2"]
[WhiteElo "2050"]
[BlackElo "2221"]
[PlyCount "121"]
[EventDate "2008.07.28"]
[EventType "swiss"]
[EventRounds "11"]
[EventCountry "GBR"]

1. Nf3 d6 2. d4 Bg4 3. c4 Nd7 4. Qb3 c5 5. d5 Rb8 6. g3 Ngf6 7. Bg2 b5 8. cxb5
a6 9. Nc3 axb5 10. O-O b4 11. Nd1 Nb6 12. Ne3 Bd7 13. Nd2 g6 14. Ndc4 Bg7 15.
Re1 O-O 16. Nxb6 Qxb6 17. Nc4 Qa6 18. e4 Ba4 19. Qd3 Bb5 20. Bf1 Nd7 21. Qc2 b3
22. Qxb3 Ne5 23. Nxe5 Bxf1 24. Qc2 Bb5 25. Ng4 h5 26. Ne3 Bd3 27. Qd2 c4 28.
Nd1 Qb7 29. Qg5 Rfe8 30. f3 e6 31. dxe6 Rxe6 32. Nf2 Bd4 33. Kg2 Bxb2 34. Bxb2
Qxb2 35. Qc1 Qd4 36. Qe3 Qxe3 37. Rxe3 Rb2 38. Kg1 d5 39. Nxd3 cxd3 40. Rxd3
dxe4 41. fxe4 Rxe4 42. h4 Ree2 43. a3 Rg2+ 44. Kh1 Rh2+ 45. Kg1 Rbg2+ 46. Kf1
Kg7 47. Re1 Rb2 48. Kg1 Rhg2+ 49. Kh1 Rgf2 50. Kg1 Kf6 51. Rf1 Rxf1+ 52. Kxf1
Ke5 53. Re3+ Kf5 54. Rf3+ Ke6 55. Re3+ Kf6 56. Rd3 Kg7 57. Rc3 Kf6 58. Rf3+ Ke6
59. Re3+ Kd6 60. Ke1 f6 61. Kf1 1/2-1/2

[Event "GBR-ch 95th"]
[Site "Liverpool"]
[Date "2008.07.31"]
[Round "4.32"]
[White "James, David J"]
[Black "Surtees, Michael"]
[Result "1/2-1/2"]
[WhiteElo "2177"]
[BlackElo "2182"]
[PlyCount "96"]
[EventDate "2008.07.28"]
[EventType "swiss"]
[EventRounds "11"]
[EventCountry "GBR"]

1. d4 c6 2. c4 f6 3. e4 e5 4. dxe5 Bb4+ 5. Bd2 Qe7 6. f4 Na6 7. a3 Bxd2+ 8.
Nxd2 fxe5 9. Qh5+ g6 10. Qxe5 Qxe5 11. fxe5 Nh6 12. Ngf3 b6 13. Be2 Nf7 14. Nb1
Nc5 15. Nc3 a5 16. O-O a4 17. Rad1 O-O 18. Rf2 Ba6 19. e6 dxe6 20. e5 Bc8 21.
Bd3 Rd8 22. Bc2 Rxd1+ 23. Bxd1 Ra5 24. Rd2 Kf8 25. Ng5 h6 26. Nxf7 Kxf7 27. Rd6
Ba6 28. Rxc6 Bxc4 29. Bc2 Bd3 30. Rxc5 Bxc2 31. Rxa5 bxa5 32. Kf2 Ke7 33. Ke3
Kd7 34. Ne2 g5 35. Nd4 Bb1 36. g3 Ba2 37. Kd3 Bd5 38. Kc3 Kc7 39. Nb5+ Kb6 40.
Nd6 h5 41. Kd4 h4 42. Nf7 hxg3 43. hxg3 g4 44. Nh8 Bb3 45. Ng6 Kc6 46. Nf4 Kb6
47. Nd3 Bd5 48. Nc5 Kb5 1/2-1/2

[Event "GBR-ch 95th"]
[Site "Liverpool"]
[Date "2008.07.31"]
[Round "4.34"]
[White "Davis, Lee"]
[Black "McCullough, Simon L"]
[Result "0-1"]
[WhiteElo "2071"]
[BlackElo "1910"]
[PlyCount "126"]
[EventDate "2008.07.28"]
[EventType "swiss"]
[EventRounds "11"]
[EventCountry "GBR"]

1. d4 b6 2. e4 Bb7 3. Bd3 e6 4. Qe2 Nf6 5. Nf3 d5 6. Bg5 Be7 7. Nbd2 dxe4 8.
Nxe4 Nbd7 9. Nxf6+ Nxf6 10. Bxf6 Bxf6 11. Be4 Bxe4 12. Qxe4 O-O 13. O-O Qd6 14.
c3 Rad8 15. Rad1 Rd7 16. Rd2 Rfd8 17. Rfd1 Qe7 18. Ne5 Bxe5 19. Qxe5 Rd5 20.
Qe3 c6 21. g3 g6 22. f4 Qf6 23. Kg2 R8d7 24. Kg1 Qd8 25. Kf1 Qc8 26. Ke1 Qa6
27. b3 b5 28. Qe2 Qa5 29. Qe3 Qc7 30. c4 bxc4 31. bxc4 Ra5 32. Rb1 c5 33. Rbb2
cxd4 34. Rxd4 Qc5 35. Rd3 Rxd3 36. Qxd3 Ra3 37. Rb3 Rxa2 38. Qe3 Qxe3+ 39. Rxe3
Kf8 40. Rc3 Ke7 41. Rd3 Rxh2 42. Ra3 Rc2 43. Rxa7+ Kf6 44. Ra4 Kf5 45. Ra7 Kf6
46. Ra5 Rxc4 47. Kf2 h5 48. Ke3 Rc3+ 49. Kf2 Rd3 50. Rb5 Rd5 51. Rb7 Rf5 52.
Ke3 e5 53. Rb6+ Kg7 54. fxe5 Rxe5+ 55. Kf3 Rc5 56. Ra6 Kh6 57. Rb6 f5 58. Ra6
Rc4 59. Rb6 h4 60. gxh4 Rxh4 61. Kg3 Rc4 62. Kf3 Kh5 63. Rb5 Kg5 0-1

[Event "GBR-ch 95th"]
[Site "Liverpool"]
[Date "2008.08.01"]
[Round "5.3"]
[White "Pert, Nicholas"]
[Black "Trent, Lawrence"]
[Result "0-1"]
[WhiteElo "2547"]
[BlackElo "2470"]
[PlyCount "104"]
[EventDate "2008.07.28"]
[EventType "swiss"]
[EventRounds "11"]
[EventCountry "GBR"]

1. d4 Nf6 2. Nf3 g6 3. c4 Bg7 4. g3 O-O 5. Bg2 d6 6. O-O Nbd7 7. Nc3 e5 8. e4
a6 9. h3 b5 10. Qc2 c6 11. c5 Ne8 12. Bg5 f6 13. Be3 dxc5 14. dxc5 a5 15. h4
Rf7 16. a4 b4 17. Nb1 Nf8 18. Nbd2 Be6 19. Rad1 Qb8 20. b3 Nd7 21. h5 Bf8 22.
Nh4 Rg7 23. Bh6 Rf7 24. Bxf8 Nxf8 25. Nc4 Raa7 26. Rd2 Rfd7 27. Rfd1 Qd8 28.
Nd6 Nxd6 29. cxd6 Qb6 30. Bf1 Kg7 31. Be2 Ra8 32. g4 Rad8 33. g5 fxg5 34. Nf3
Rf7 35. Rf1 Rxf3 36. Bxf3 g4 37. Bg2 gxh5 38. Rc1 Rc8 39. Qc5 Nd7 40. Qxb6 Nxb6
41. Rdc2 Nd7 42. Rb2 c5 43. Bf1 Kf6 44. Bb5 c4 45. Bxd7 Bxd7 46. bxc4 Rc5 47.
Rd2 Ke6 48. Rcd1 Rxc4 49. Rd5 b3 50. Rb1 Rxe4 51. Rd3 Rxa4 52. Rdxb3 Rd4 0-1

[Event "GBR-ch 95th"]
[Site "Liverpool"]
[Date "2008.08.01"]
[Round "5.4"]
[White "Gordon, Stephen J"]
[Black "Kolbus, Dietmar"]
[Result "1/2-1/2"]
[WhiteElo "2508"]
[BlackElo "2393"]
[PlyCount "130"]
[EventDate "2008.07.28"]
[EventType "swiss"]
[EventRounds "11"]
[EventCountry "GBR"]

1. d4 d5 2. c4 c6 3. Nf3 Nf6 4. Nc3 dxc4 5. a4 Bf5 6. Ne5 e6 7. f3 c5 8. e4 Bg6
9. d5 exd5 10. exd5 Bd6 11. Nxc4 O-O 12. Be2 Na6 13. Bg5 h6 14. Bh4 Nb4 15. O-O
Bf4 16. g3 Bc2 17. Qe1 Nd3 18. Bxd3 Bxd3 19. gxf4 Bxc4 20. Rf2 Qd6 21. Bxf6
Qxf6 22. Qe5 Qd8 23. Rg2 f6 24. Qe3 Qc7 25. Re1 Kh8 26. Qe4 Ba6 27. Qg6 Qf7 28.
f5 Qxg6 29. fxg6 Rfe8 30. Rd1 Rad8 31. d6 Rd7 32. h4 Kg8 33. Nb5 Bxb5 34. axb5
Kf8 35. Rc2 b6 36. Rd5 Re6 37. Rcd2 Ke8 38. h5 Rb7 39. Kf2 Kd7 40. f4 Re4 41.
Kf3 Re6 42. Rd1 Re8 43. R5d3 Re6 44. Kg4 Kc8 45. Kf5 Re2 46. Rc3 Kd7 47. Ra3
Re6 48. Rda1 a5 49. bxa6 Ra7 50. Rd3 Rxd6 51. Re3 Rd5+ 52. Kg4 Kc6 53. Re8 c4
54. Rc8+ Kb5 55. Rf8 Rxa6 56. Rxa6 Kxa6 57. Rf7 b5 58. Rxg7 f5+ 59. Kh4 Rd4 60.
Rf7 Rxf4+ 61. Kh3 Ka5 62. Rf6 Rf3+ 63. Kg2 Rf4 64. Kh3 Rf3+ 65. Kg2 Rf4 1/2-1/2

[Event "GBR-ch 95th"]
[Site "Liverpool"]
[Date "2008.08.01"]
[Round "5.6"]
[White "Davies, Nigel R"]
[Black "Quillan, Gary"]
[Result "1-0"]
[WhiteElo "2478"]
[BlackElo "2339"]
[PlyCount "81"]
[EventDate "2008.07.28"]
[EventType "swiss"]
[EventRounds "11"]
[EventCountry "GBR"]

1. Nf3 Nf6 2. g3 d5 3. Bg2 Bf5 4. c4 c6 5. cxd5 cxd5 6. Qb3 Qc8 7. Nc3 e6 8.
O-O Nc6 9. d3 Be7 10. Bf4 O-O 11. Rac1 Qd7 12. e4 Bg6 13. exd5 exd5 14. Ne5
Nxe5 15. Bxe5 Bxd3 16. Bxf6 Bxf6 17. Rfd1 Bxc3 18. Rxc3 Ba6 19. Rxd5 Qe7 20.
Re3 Qc7 21. Qc3 Rac8 22. h4 Bc4 23. Rg5 f6 24. Rg4 Bxa2 25. Qxc7 Rxc7 26. Ra4
Bf7 27. Rxa7 Rd8 28. Rc3 Re7 29. Rxb7 Rxb7 30. Bxb7 Rb8 31. Rc8+ Rxc8 32. Bxc8
Bb3 33. Kf1 Kf7 34. Ke2 Ke7 35. Kd3 Kd6 36. Kd4 h6 37. Ba6 Bd5 38. Bc4 Bf3 39.
b4 Bg2 40. Bd3 Bb7 41. b5 1-0

[Event "GBR-ch 95th"]
[Site "Liverpool"]
[Date "2008.08.01"]
[Round "5.7"]
[White "Lalic, Bogdan"]
[Black "Rudd, Jack"]
[Result "1-0"]
[WhiteElo "2533"]
[BlackElo "2345"]
[PlyCount "97"]
[EventDate "2008.07.28"]
[EventType "swiss"]
[EventRounds "11"]
[EventCountry "GBR"]

1. d4 Nf6 2. c4 e6 3. Nc3 d5 4. cxd5 exd5 5. Bg5 Be7 6. e3 O-O 7. Bd3 c6 8. Qc2
Nbd7 9. Nf3 Re8 10. h3 Nf8 11. Bf4 Ng6 12. Bh2 Bd6 13. Bxd6 Qxd6 14. O-O-O b5
15. Kb1 a5 16. g4 Ba6 17. g5 b4 18. Bxa6 Rxa6 19. Na4 Ne4 20. h4 f6 21. h5 Nf8
22. Rdg1 Nd7 23. g6 h6 24. Nh4 Qe6 25. Rc1 Nb6 26. Qe2 Nc4 27. Ka1 Ra7 28. Ng2
Rb8 29. Nf4 Qd6 30. b3 Na3 31. Nc5 Nxc5 32. Rxc5 a4 33. Qd3 Rba8 34. Rhc1 axb3
35. Qxb3 Nc4 36. Rc2 Na5 37. Qxb4 Nb7 38. Nxd5 Qh2 39. Ne7+ Kh8 40. Rxc6 Qxh5
41. Rc8+ Nd8 42. Rxa8 Rxa8 43. Qb3 Qh1+ 44. Kb2 Nb7 45. Qd5 Qxd5 46. Nxd5 Nd6
47. Nf4 Kg8 48. Rc7 Rb8+ 49. Kc1 1-0

[Event "GBR-ch 95th"]
[Site "Liverpool"]
[Date "2008.08.01"]
[Round "5.8"]
[White "Haslinger, Stewart"]
[Black "Houska, Jovanka"]
[Result "1/2-1/2"]
[WhiteElo "2511"]
[BlackElo "2405"]
[PlyCount "84"]
[EventDate "2008.07.28"]
[EventType "swiss"]
[EventRounds "11"]
[EventCountry "GBR"]

1. e4 c6 2. d4 d5 3. e5 c5 4. c4 Nc6 5. Nf3 cxd4 6. Nxd4 e6 7. Nc3 Bc5 8. Nxc6
bxc6 9. cxd5 cxd5 10. Qg4 Ne7 11. Qxg7 Rg8 12. Qxh7 Rb8 13. Qc2 Nc6 14. Bf4 Rg4
15. Bg3 Rgb4 16. Bb5 R4xb5 17. Nxb5 Rxb5 18. O-O Nd4 19. Qd2 Qa5 20. Rfd1 Ba6
21. Bh4 Qxd2 22. Rxd2 Rb4 23. Bf6 Ne2+ 24. Kh1 Bxf2 25. Rc2 Bb6 26. Rd1 d4 27.
h4 d3 28. Rc6 Rxb2 29. Kh2 Nf4 30. Kg3 Nh5+ 31. Kh3 Nf4+ 32. Kg3 Nxg2 33. Bg5
Ne3 34. Bxe3 Bb5 35. Rxb6 axb6 36. Rd2 Rc2 37. Rxc2 dxc2 38. Kf2 Bc4 39. a3 b5
40. Ke1 Bd3 41. Kd2 Bf5 42. Bg5 Kd7 1/2-1/2

[Event "GBR-ch 95th"]
[Site "Liverpool"]
[Date "2008.08.01"]
[Round "5.9"]
[White "Arkell, Keith"]
[Black "Eggleston, David"]
[Result "1-0"]
[WhiteElo "2506"]
[BlackElo "2372"]
[PlyCount "61"]
[EventDate "2008.07.28"]
[EventType "swiss"]
[EventRounds "11"]
[EventCountry "GBR"]

1. d4 Nf6 2. Nf3 e6 3. c4 b6 4. g3 Bb7 5. Bg2 Be7 6. Nc3 O-O 7. O-O Ne4 8. Nxe4
Bxe4 9. Nh4 Bxg2 10. Nxg2 d5 11. Qa4 dxc4 12. Qxc4 c5 13. dxc5 Bxc5 14. Be3
Bxe3 15. Nxe3 Nd7 16. Rfd1 Rc8 17. Qa4 Rc7 18. Rac1 Rxc1 19. Rxc1 a5 20. Rd1
Nc5 21. Qc6 Qb8 22. Nc4 b5 23. Nb6 Na4 24. Nd7 Qc8 25. Qxb5 Qc2 26. Rd4 Qb1+
27. Kg2 Nc3 28. Qc5 Qg1+ 29. Kxg1 Nxe2+ 30. Kf1 Nxd4 31. Qxf8# 1-0

[Event "GBR-ch 95th"]
[Site "Liverpool"]
[Date "2008.08.01"]
[Round "5.10"]
[White "Williams, Simon K"]
[Black "Hanley, James L"]
[Result "1/2-1/2"]
[WhiteElo "2496"]
[BlackElo "2243"]
[PlyCount "85"]
[EventDate "2008.07.28"]
[EventType "swiss"]
[EventRounds "11"]
[EventCountry "GBR"]

1. d4 Nf6 2. c4 e6 3. Nf3 c5 4. d5 b5 5. Bg5 exd5 6. cxd5 d6 7. e3 a6 8. a4 b4
9. Nbd2 Be7 10. Nc4 Bb7 11. h4 h6 12. Bxf6 Bxf6 13. Qc2 a5 14. O-O-O Qc7 15.
Qe4+ Be7 16. Qg4 O-O 17. Qe4 f5 18. Qe6+ Kh8 19. Qg6 Rf6 20. Qg3 Nd7 21. Ng5
Nf8 22. e4 Kg8 23. f4 fxe4 24. Nxe4 Rf7 25. Bd3 Ba6 26. Qh2 Bxc4 27. Bxc4 Qd7
28. Ng5 Bxg5 29. hxg5 Qxa4 30. Qg3 b3 31. Qxb3 Qxb3 32. Bxb3 Rxf4 33. gxh6 a4
34. Bc2 a3 35. bxa3 Rxa3 36. h7+ Kh8 37. Rdf1 Ra1+ 38. Bb1 Rxf1+ 39. Rxf1 Nxh7
40. Rh1 g6 41. Rh6 Ra6 42. g4 Kg7 43. Rxg6+ 1/2-1/2

[Event "GBR-ch 95th"]
[Site "Liverpool"]
[Date "2008.08.01"]
[Round "5.11"]
[White "Addison, Bret"]
[Black "Flear, Glenn C"]
[Result "1/2-1/2"]
[WhiteElo "2244"]
[BlackElo "2493"]
[PlyCount "47"]
[EventDate "2008.07.28"]
[EventType "swiss"]
[EventRounds "11"]
[EventCountry "GBR"]

1. d4 d5 2. c4 c6 3. Nc3 Nf6 4. cxd5 cxd5 5. f3 e6 6. e4 dxe4 7. fxe4 Bb4 8.
Qd3 O-O 9. Nf3 b6 10. e5 Ba6 11. Qc2 Nd5 12. Bxa6 Nxa6 13. O-O Be7 14. Qe4 Rc8
15. Bd2 Nab4 16. Rac1 Kh8 17. a3 Nc6 18. Nxd5 exd5 19. Qg4 Rc7 20. b4 a6 21.
Rc3 Na7 22. Rxc7 Qxc7 23. Rc1 Qb7 24. e6 1/2-1/2

[Event "GBR-ch 95th"]
[Site "Liverpool"]
[Date "2008.08.01"]
[Round "5.12"]
[White "Hawkins, Jonathan"]
[Black "Greet, Andrew"]
[Result "1-0"]
[WhiteElo "2232"]
[BlackElo "2453"]
[PlyCount "81"]
[EventDate "2008.07.28"]
[EventType "swiss"]
[EventRounds "11"]
[EventCountry "GBR"]

1. d4 Nf6 2. c4 c5 3. d5 e5 4. Nc3 d6 5. e4 Nbd7 6. g3 g6 7. Bg2 Bg7 8. Nge2
O-O 9. O-O Ne8 10. Be3 f5 11. exf5 gxf5 12. f4 a6 13. Qd2 Kh8 14. h3 Nc7 15. a4
Rb8 16. a5 Qe8 17. Rae1 b5 18. cxb5 Nxb5 19. Nxb5 Rxb5 20. Nc3 Rb7 21. g4 fxg4
22. hxg4 exf4 23. Bxc5 Qg6 24. Ba3 Ne5 25. Rxf4 Rxf4 26. Qxf4 Nd3 27. Qc4 Bxg4
28. Re3 Ne5 29. Qxa6 Rf7 30. Qxd6 Qg5 31. Rg3 Nf3+ 32. Bxf3 Rxf3 33. Qb8+ Rf8
34. Bxf8 Bd4+ 35. Kh2 Qh4+ 36. Kg2 Bh3+ 37. Kf3 Bg4+ 38. Rxg4 Qf2+ 39. Ke4 Qe3+
40. Kf5 Qd3+ 41. Ke6 1-0

[Event "GBR-ch 95th"]
[Site "Liverpool"]
[Date "2008.08.01"]
[Round "5.13"]
[White "Ledger, Andrew"]
[Black "Auckland, Elliott"]
[Result "1-0"]
[WhiteElo "2423"]
[BlackElo "1990"]
[PlyCount "99"]
[EventDate "2008.07.28"]
[EventType "swiss"]
[EventRounds "11"]
[EventCountry "GBR"]

1. c4 Nf6 2. Nc3 d5 3. cxd5 Nxd5 4. Nf3 g6 5. Qa4+ Bd7 6. Qh4 Nxc3 7. dxc3 Nc6
8. Qg3 f6 9. e4 e5 10. Bc4 Na5 11. Be2 Be6 12. h4 Bd6 13. h5 g5 14. Nd2 c5 15.
Nf1 Qd7 16. Ne3 O-O-O 17. O-O Qa4 18. Bg4 Bxg4 19. Qxg4+ Kb8 20. Nd5 Rhf8 21.
Qe2 h6 22. g4 Qc4 23. Qf3 Nc6 24. Ne3 Qe6 25. Nf5 Rh8 26. Be3 Bf8 27. Qe2 a6
28. a3 Rh7 29. b4 c4 30. Rfd1 Rhd7 31. Rxd7 Rxd7 32. Rd1 Ne7 33. Ng3 Nc6 34. f3
Kc7 35. Rxd7+ Kxd7 36. Nf5 Ne7 37. Ng3 b6 38. Kg2 Kc7 39. Qd1 Qc6 40. a4 Nc8
41. a5 bxa5 42. bxa5 Qb5 43. Qe2 Nd6 44. Bb6+ Kd7 45. Qd2 Ke6 46. Nf1 Nc8 47.
Qd8 Qb2+ 48. Bf2 Nd6 49. Qxf8 Qc2 50. Ne3 1-0

[Event "GBR-ch 95th"]
[Site "Liverpool"]
[Date "2008.08.01"]
[Round "5.14"]
[White "Horner, Jeff"]
[Black "Zhou, Yang-Fan"]
[Result "1-0"]
[WhiteElo "2372"]
[BlackElo "2259"]
[PlyCount "93"]
[EventDate "2008.07.28"]
[EventType "swiss"]
[EventRounds "11"]
[EventCountry "GBR"]

1. e4 c5 2. Nf3 d6 3. Bc4 Nf6 4. d3 Nc6 5. c3 g6 6. Bb3 Bg7 7. O-O O-O 8. Re1
e5 9. Nbd2 Kh8 10. Nf1 h6 11. Ng3 Nh7 12. h3 h5 13. Ne2 Qf6 14. Nh2 Qd8 15. Be3
f5 16. exf5 Bxf5 17. Ng3 Bc8 18. Nf3 b6 19. Bd5 Bb7 20. Ne4 Qd7 21. Nfg5 Nf6
22. Nxf6 Rxf6 23. Ne4 Rff8 24. c4 Rab8 25. a3 Ne7 26. Bxb7 Rxb7 27. Bg5 Nf5 28.
Nc3 Bf6 29. Bxf6+ Rxf6 30. b4 cxb4 31. axb4 Nh4 32. Nd5 Rf8 33. d4 Qf5 34. Qd2
Rbf7 35. Ra2 e4 36. b5 Rh7 37. Qe3 Qc8 38. Qxe4 Qxc4 39. Rc2 Qxb5 40. Rc7 Rhf7
41. Rxf7 Rxf7 42. Ne7 g5 43. Qa8+ Kg7 44. Qg8+ Kf6 45. Qh8+ Rg7 46. Ng8+ Kg6
47. Qh6+ 1-0

[Event "GBR-ch 95th"]
[Site "Liverpool"]
[Date "2008.08.01"]
[Round "5.15"]
[White "Pert, Richard G"]
[Black "James, Russell A"]
[Result "1-0"]
[WhiteElo "2468"]
[BlackElo "2225"]
[PlyCount "77"]
[EventDate "2008.07.28"]
[EventType "swiss"]
[EventRounds "11"]
[EventCountry "GBR"]

1. d4 d5 2. c4 e6 3. Nf3 c5 4. cxd5 exd5 5. Nc3 Nc6 6. dxc5 d4 7. Na4 b5 8.
cxb6 axb6 9. e3 Bb4+ 10. Bd2 Bxd2+ 11. Qxd2 Bd7 12. Bb5 Ra5 13. Nxd4 Nxd4 14.
Bxd7+ Qxd7 15. Nxb6 Qb5 16. Qxd4 Ne7 17. Nc4 Qb4+ 18. Qc3 Qxc3+ 19. bxc3 Rc5
20. Nd6+ Kd7 21. Ne4 Ra5 22. O-O Rha8 23. Rfd1+ Ke6 24. Rd2 f5 25. Ng5+ Kf6 26.
f4 Rd5 27. Rad1 Rxd2 28. Rxd2 Ra6 29. Nxh7+ Kf7 30. Ng5+ Ke8 31. e4 fxe4 32.
Nxe4 Nf5 33. c4 Ne3 34. Re2 Ra3 35. Nc3 Rxc3 36. Kf2 Rxc4 37. Rxe3+ Kf7 38. Kf3
Ra4 39. a3 1-0

[Event "GBR-ch 95th"]
[Site "Liverpool"]
[Date "2008.08.01"]
[Round "5.16"]
[White "Knott, Simon JB"]
[Black "Townsend, Paul"]
[Result "1-0"]
[WhiteElo "2365"]
[BlackElo "2204"]
[PlyCount "81"]
[EventDate "2008.07.28"]
[EventType "swiss"]
[EventRounds "11"]
[EventCountry "GBR"]

1. Nf3 Nf6 2. c4 e6 3. Nc3 d5 4. d4 Bb4 5. cxd5 exd5 6. Bg5 h6 7. Bh4 g5 8. Bg3
Ne4 9. Nd2 Nxc3 10. bxc3 Bxc3 11. Rc1 Bb2 12. Bxc7 Qe7 13. Bd6 Qe6 14. Rb1 Bc3
15. Bxb8 Rxb8 16. e3 O-O 17. Be2 Qd6 18. Rb3 Ba5 19. h4 gxh4 20. Rxh4 Bd7 21.
Bb5 Bxb5 22. Rxb5 Bxd2+ 23. Qxd2 f5 24. e4 Qg6 25. Rxd5 Rbe8 26. Kf1 Re6 27.
exf5 Rxf5 28. Rxf5 Qxf5 29. Kg1 Kg7 30. d5 Rd6 31. Qb2+ Kh7 32. Qxb7+ Rd7 33.
Qc6 Qb1+ 34. Kh2 Qb8+ 35. g3 Rd6 36. Qc2+ Kh8 37. Qc3+ Kh7 38. Qd3+ Kh8 39.
Qd4+ Kh7 40. Qe4+ Kh8 41. Qe5+ 1-0

[Event "GBR-ch 95th"]
[Site "Liverpool"]
[Date "2008.08.01"]
[Round "5.17"]
[White "Ledger, Stephen"]
[Black "Rendle, Thomas"]
[Result "0-1"]
[WhiteElo "2138"]
[BlackElo "2363"]
[PlyCount "60"]
[EventDate "2008.07.28"]
[EventType "swiss"]
[EventRounds "11"]
[EventCountry "GBR"]

1. d4 f5 2. Nc3 Nf6 3. Bg5 d5 4. Bxf6 exf6 5. e3 Be6 6. Qf3 Nc6 7. Bb5 Qd6 8.
Nge2 O-O-O 9. Nf4 Bf7 10. Nd3 g6 11. a3 a6 12. Ba4 Na5 13. b4 Nc4 14. Bb3 Qe6
15. Bxc4 dxc4 16. Nc5 Bxc5 17. bxc5 Rxd4 18. Rb1 c6 19. O-O Rd2 20. Rb2 Re8 21.
Rfb1 Re7 22. Na4 Qe4 23. Qg3 Qe5 24. Qh4 c3 25. Rb4 Ba2 26. Nb6+ Kb8 27. Nc4
Bxb1 28. Rxb1 Red7 29. Nxd2 cxd2 30. Rd1 Qxc5 0-1

[Event "GBR-ch 95th"]
[Site "Liverpool"]
[Date "2008.08.01"]
[Round "5.18"]
[White "Berry, Stephen"]
[Black "Gregory, Stephen J"]
[Result "1-0"]
[WhiteElo "2363"]
[BlackElo "2177"]
[PlyCount "59"]
[EventDate "2008.07.28"]
[EventType "swiss"]
[EventRounds "11"]
[EventCountry "GBR"]

1. e4 d6 2. d4 Nf6 3. Nc3 g6 4. Be3 c6 5. h3 Qa5 6. Qd2 b5 7. e5 dxe5 8. dxe5
b4 9. Nd1 Nd5 10. Nf3 Nxe3 11. Nxe3 Bh6 12. Bc4 Nd7 13. e6 fxe6 14. O-O Nb6 15.
Qd4 Rf8 16. b3 Bf4 17. Rad1 Bd6 18. Rfe1 e5 19. Qh4 Bd7 20. Ng5 O-O-O 21. Nf7
e4 22. Qxe4 Qc5 23. Ba6+ Kc7 24. Nxd8 Rxd8 25. Bc4 Rf8 26. Re2 Rf4 27. Qd3 Qg5
28. Nf1 Bf5 29. Qe3 Qf6 30. Ng3 1-0

[Event "GBR-ch 95th"]
[Site "Liverpool"]
[Date "2008.08.01"]
[Round "5.19"]
[White "Grigoryan-Lyell, Meri"]
[Black "Storey, Charles"]
[Result "1-0"]
[WhiteElo "2053"]
[BlackElo "2268"]
[PlyCount "157"]
[EventDate "2008.07.28"]
[EventType "swiss"]
[EventRounds "11"]
[EventCountry "GBR"]

1. d4 g6 2. e4 Bg7 3. c4 c5 4. d5 d6 5. Bd3 e5 6. Nc3 Nd7 7. Be3 Ndf6 8. f3 h5
9. h4 Nh7 10. Qc2 Bh6 11. Bxh6 Nxh6 12. Qd2 Nf8 13. g3 Qe7 14. Nh3 Bd7 15. Rb1
Bc8 16. a3 f6 17. b4 Nd7 18. Nb5 Kf7 19. Be2 b6 20. g4 cxb4 21. g5 Ng8 22. gxf6
Ngxf6 23. Ng5+ Kg8 24. axb4 a6 25. Nc7 Ra7 26. Nce6 Nf8 27. Nxf8 Kxf8 28. c5 b5
29. c6 Kg7 30. Qe3 Rf8 31. Ra1 Rc7 32. Qb6 Ne8 33. Rxa6 Bxa6 34. Ne6+ Kg8 35.
Nxf8 Kxf8 36. Qxa6 Ra7 37. Qb6 Ra1+ 38. Bd1 Ra3 39. Qg1 Qf6 40. Qg5 Qxg5 41.
hxg5 Nc7 42. Rh2 Ke7 43. Rb2 Kd8 44. Kf2 Kc8 45. Kg3 Kb8 46. Rf2 Ra1 47. Bc2
Ra2 48. Bd1 Rxf2 49. Kxf2 Ka7 50. f4 exf4 51. Kf3 Na6 52. Kxf4 Nxb4 53. Ke3 h4
54. Be2 Nc2+ 55. Kf4 Nd4 56. Bf1 Kb6 57. e5 Kc7 58. e6 Nf5 59. Bxb5 Ne7 60. Bc4
Kb6 61. Kg4 Kc5 62. Ba2 Kb6 63. Kxh4 Kc7 64. Kg4 Kd8 65. Kf4 Kc7 66. Ke4 Nf5
67. Kd3 Ne7 68. Kc4 Kb6 69. Bb1 Ka6 70. Be4 Kb6 71. Kd4 Kc7 72. Ke3 Kd8 73. Kf4
Kc7 74. Bxg6 Nxd5+ 75. Kf5 Kd8 76. Bf7 Ke7 77. Kg6 Kf8 78. Kh6 Ne7 79. c7 1-0

[Event "GBR-ch 95th"]
[Site "Liverpool"]
[Date "2008.08.01"]
[Round "5.20"]
[White "Ledger, David"]
[Black "Coathup, Roger"]
[Result "1-0"]
[WhiteElo "2260"]
[BlackElo "2105"]
[PlyCount "53"]
[EventDate "2008.07.28"]
[EventType "swiss"]
[EventRounds "11"]
[EventCountry "GBR"]

1. e4 c5 2. Nf3 e6 3. c3 Nf6 4. e5 Nd5 5. d4 cxd4 6. cxd4 d6 7. Bc4 Nb6 8. Bb3
Nc6 9. O-O dxe5 10. dxe5 Qxd1 11. Rxd1 Be7 12. Nc3 O-O 13. Be3 Nd7 14. Nb5 b6
15. Nc7 Rb8 16. Nxe6 Re8 17. Nc7 Rf8 18. e6 Nc5 19. exf7+ Kh8 20. Bd5 Nd8 21.
Bxc5 bxc5 22. Re1 Bd6 23. Ne8 Bf4 24. g3 Bh6 25. Nd6 Bd7 26. Re8 Bxe8 27.
fxe8=Q 1-0